[Event "WCC 2005"]
[Site "0:00.02-0:01.44"]
[Date "2005.11.27"]
[Round "11"]
[White "Matamoros, Carlos"]
[Black "Bologan, Viorel"]
[Result "0-1"]
[WhiteElo "2501"]
[WhiteCountry "ECU"]
[BlackElo "2682"]
[BlackCountry "MDA"]
[Remark "WCC 2005 Match 014"]
[PresId "1000110014"]

1. Nf3 Nf6 2. c4 g6 3. g3 Bg7 4. Bg2 O-O 5. O-O d6 6. d4 Nc6 7. Nc3
Rb8 8. b3 a6 9. d5 Na5 10. Bd2 c5 11. dxc6 Nxc6 12. Rc1 Bf5 13. Ne1
Qd7 14. Nd3 Bh3 15. Bxh3 Qxh3 16. Nf4 Qd7 17. Nfd5 Nxd5 18. Nxd5 e6
19. Nb6 Qd8 20. Be3 Ne7 21. f3 d5 22. cxd5 exd5 23. Bc5 Re8 24. e3 d4
25. Bxd4 Nf5 26. Bxg7 Qxb6 27. Bd4 Qa5 28. Rf2 Rbd8 29. Rd2 Nxd4 30.
exd4 h5 31. Kg2 Rd5 32. Rc5 Rxc5 33. dxc5 Qxc5 34. Rd8 Rxd8 35. Qxd8+
Kg7 36. Qd2 b5 37. Qb2+ Kg8 38. b4 Qe3 39. h4 Qe1 40. f4 Qe4+ 41. Kf2
Qd3 42. Qb3 Qd2+ 43. Kf3 Kg7 44. Ke4 Kf6 45. a3 Ke7 46. Qe3 Qxe3+ 47.
Kxe3 Kf6 48. Ke4 Ke6 49. Kd4 Kf5 50. Kc5 Kg4 51. Kb6 Kxg3 52. Kxa6
Kxf4 53. Kxb5 g5 54. Ka6 gxh4 55. b5 h3 56. b6 h2 57. b7 h1Q 58. b8Q+
Kf5 59. Qc8+ Kf6 60. Qd8+ Ke6 61. Qc8+ Kd6 62. Qf8+ Ke5 63. Qe7+ Kd4
64. Qf6+ Ke3 65. Qe5+ Qe4 66. Qxh5 f5 67. Qh3+ Kd2 68. Qh2+ Kc3 69.
Kb5 f4 70. Qh8+ Kb3 71. Qf8 f3 72. Qf7+ Kxa3 73. Qf8+ Kb2 74. Qf6+ Kc2
75. Ka6 Qd5 76. Qf4 Kd3 77. Qg3 Qc4+ 78. Ka7 Qc5+ 79. Ka8 Qd5+ 80. Ka7
Ke2 81. Qg4 Kd3 82. Qg3 Qd4+ 83. Ka6 Ke2 84. Qh3 f2 85. Qh5+ Ke1 86.
Qa5+ Kd1 87. Qh5+ Kc2 88. Qe2+ Kc3 89. Kb7 Qg7+ 0-1
*

[Event "WCC 2005"]
[Site "0:04.13-0:09.46"]
[Date "2005.11.27"]
[Round "11"]
[White "Timofeev, Artyom"]
[Black "Agrest, Evgenij"]
[Result "1/2-1/2"]
[WhiteElo "2658"]
[WhiteCountry "RUS"]
[BlackElo "2570"]
[BlackCountry "SWE"]
[Remark "WCC 2005 Match 031"]
[PresId "1000110031"]

1. e4 c5 2. Nf3 d6 3. d4 Nf6 4. Nc3 cxd4 5. Nxd4 a6 6. Be2 e5 7. Nb3
Be7 8. O-O O-O 9. Kh1 b6 10. Be3 Bb7 11. f3 b5 12. Qd2 Nbd7 13. Rfc1
b4 14. Nd5 Bxd5 15. exd5 Nb6 16. Bxb6 Qxb6 17. c3 bxc3 18. Rxc3 a5 19.
a4 Nd7 20. Bb5 Nc5 21. Qe3 Rab8 22. Nxc5 dxc5 23. f4 f6 24. f5 Qd6 25.
Qe4 Rfd8 26. Rh3 Bf8 27. b3 h6 28. Qe1 Kh8 29. Rd1 Ra8 30. Rdd3 e4 31.
Qxe4 Ra7 32. Rhe3 Re7 33. Qf3 Rxe3 34. Rxe3 Qxd5 35. Qxd5 Rxd5 36. g4
Bd6 37. Re8+ Kh7 38. Bc4 Rd1+ 39. Kg2 g5 40. Ra8 Rd2+ 41. Kf3 Rxh2 42.
Ra7+ Kh8 43. Rxa5 h5 44. Ra8+ Kh7 45. Ra7+ Kh8 46. Ra8+ Kh7 47. Ra7+
Kh8 48. gxh5 Rh4 49. a5 g4+ 50. Ke2 g3 51. Bd5 Rh2+ 52. Kd3 g2 53.
Ra8+ Kh7 54. Rg8 Bg3 55. Rxg3 Rh3 56. Bxg2 Rxg3+ 57. Kc4 Rxg2 58. Kxc5
Rf2 59. b4 Rxf5+ 60. Kc6 Rf1 61. b5 Rc1+ 62. Kb7 f5 63. a6 f4 64. a7
Ra1 65. a8Q Rxa8 66. Kxa8 f3 67. b6 f2 68. b7 f1Q 69. b8Q Qa6+ 70.
Qa7+ Qxa7+ 71. Kxa7 1/2-1/2
*